000
00280nam a22001217a 4500
008
170613b xxu||||| |||| 00| 0 eng d
041
_a
eng
080
_a
32
100
_a
19
101
_a
SHP
245
_a
WORLD CITIZEN A CTION FOR GLOBAL JUSTICE
_c
DANIEL.A
942
_2
udc
_c
BK
999
_c
17116
_d
17116